Loading...

Play and learn games /

Bibliografiske detaljer
Andre forfattere: Balayan, S (Editor)
Format: Printed Book
Sprog:English
Udgivet: New Delhi: Khel sahitya kendra, 2016.
Fag:
LEADER 00527 a2200157 4500
008 170315b xxu||||| |||| 00| 0 eng d
999 |c 113364  |d 113364 
020 |a 9788175242469 
082 |a 794 
245 |a Play and learn games /  |c Edited by S Balayan 
260 |b Khel sahitya kendra,  |c 2016.  |a New Delhi: 
300 |a 112p.  |c 23cm. 
650 |a Games 
700 |a Balayan, S  |e Editor 
942 |2 ddc  |c BK 
952 |0 0  |1 0  |4 0  |6 794_000000000000000_PLA  |7 0  |9 120257  |a UL  |b UL  |c ST1  |d 2017-01-28  |e 176  |g 180.00  |l 0  |o 794 PLA  |p 95289  |r 2017-01-07  |v 250.00  |y BK